Asia's premier icqc' 97 : (Record no. 347886)

000 -LEADER
fixed length control field 00503 a2200133 4500
020 ## - INTERNATIONAL STANDARD BOOK NUMBER
International Standard Book Number 9698296069 (unknown binding)
020 ## - INTERNATIONAL STANDARD BOOK NUMBER
International Standard Book Number 9789698296063 (unknown binding)
090 ## - LOCALLY ASSIGNED LC-TYPE CALL NUMBER (OCLC); LOCAL CALL NUMBER (RLIN)
-- 5479
-- 5479
245 00 - TITLE STATEMENT
Title Asia's premier icqc' 97 :
Remainder of title proceedings, pakistan's third international convention on quality control.
260 ## - PUBLICATION, DISTRIBUTION, ETC.
Place of publication, distribution, etc. [S.l.] :
Name of publisher, distributor, etc. Ibrahim Publishers,
Date of publication, distribution, etc. 1997.
300 ## - PHYSICAL DESCRIPTION
Extent 361 p.
856 40 - ELECTRONIC LOCATION AND ACCESS
Materials specified Amazon.com
Uniform Resource Identifier <a href="http://www.amazon.com/exec/obidos/ASIN/9698296069/chopaconline-20">http://www.amazon.com/exec/obidos/ASIN/9698296069/chopaconline-20</a>
942 ## - ADDED ENTRY ELEMENTS (KOHA)
Institution code [OBSOLETE] NBS
Koha item type Book
Call number prefix 658.4013 ICQ
Holdings
Withdrawn status Lost status Source of classification or shelving scheme Damaged status Not for loan Permanent Location Current Location Date acquired Full call number Barcode Date last seen Price effective from Koha item type Total Checkouts
          Central Library (CL) Central Library (CL) 08/28/2013 658.4013 PAK NBS4269 08/28/2013 08/28/2013 Book  
          Central Library (CL) Central Library (CL) 07/22/2025 658.4013 PAK NBS2947 07/22/2025 07/22/2025 Book  
© 2023 Central Library, National University of Sciences and Technology. All Rights Reserved.